[Event "African Games-chT 2019"]
[Site "Casablanca"]
[Date "2019.08.25"]
[Round "8.22"]
[White "Traore, Bakary"]
[Black "Khetho, Phemelo"]
[Result "0-1"]
[WhiteElo "2189"]
[BlackElo "2178"]
[Annotator "NA"]
[PlyCount "78"]
[EventDate "2019.08.24"]
[EventType "team-tourn"]
[EventCountry "MAR"]
[SourceTitle "playchess.com"]
[Source "ChessBase"]
[SourceQuality "1"]
[WhiteTeam "Mali"]
[BlackTeam "Botswana"]
[WhiteTeamCountry "MLI"]
[BlackTeamCountry "BOT"]
[TimeControl "900+10"]

1. e4 {[%emt 0:00:00]} e5 {[%emt 0:00:00]} 2. Nf3 {[%emt 0:00:00]} Nf6 {[%emt 0:00:00]} 3. Nxe5 {[%emt 0:00:02]} d6 {[%emt 0:00:00]} 4. Nf3 {[%emt 0:00:04]} Nxe4 {[%emt 0:00:00]} 5. d4 {[%emt 0:00:02]} d5 {[%emt 0:00:12]} 6. Bd3 {[%emt 0:00:03]} Be7 {[%emt 0:00:19]} 7. O-O {[%emt 0:00:13]} O-O {[%emt 0:00:03]} 8. c4 {[%emt 0:00:06]} c6 {[%emt 0:00:44]} 9. Re1 {[%emt 0:00:06]} Nf6 {[%emt 0:00:03]} 10. h3 {[%emt 0:00:04]} h6 {[%emt 0:00:33]} 11. Nc3 {[%emt 0:00:07]} Be6 {[%emt 0:00:05]} 12. c5 {[%emt 0:00:09]} Nbd7 13. Bf4 {[%emt 0:00:05]} Re8 {[%emt 0:01:16]} 14. b4 {[%emt 0:00:13]} a6 {[%emt 0:00:23]} 15. a4 {[%emt 0:00:08]} Bf8 {[%emt 0:00:09]} 16. Qc2 {[%emt 0:00:18]} Nh5 {[%emt 0:00:18]} 17. Bh2 {[%emt 0:00:04]} Qf6 {[%emt 0:00:06]} 18. Ne5 {[%emt 0:00:28]} Nf4 {[%emt 0:00:17]} 19. Bf1 {[%emt 0:01:14]} Qg5 {[%emt 0:00:21]} 20. Kh1 {[%emt 0:00:34]} Bf5 {[%emt 0:00:25]} 21. Qd1 {[%emt 0:00:34]} Nxe5 {[%emt 0:00:58]} 22. dxe5 {[%emt 0:00:09]} a5 {[%emt 0:00:12]} 23. g4 {[%emt 0:01:56]} Bg6 {[%emt 0:01:16]} 24. Qd2 {[%emt 0:00:47]} Nxh3 {[%emt 0:01:06]} 25. Qxg5 {[%emt 0:00:02]} Nxg5 {[%emt 0:00:01]} 26. f4 {[%emt 0:00:00]} Be4+ {[%emt 0:00:02]} 27. Bg2 {[%emt 0:00:40]} Bxg2+ {[%emt 0:00:25]} 28. Kxg2 {[%emt 0:00:01]} Ne6 {[%emt 0:00:42]} 29. f5 {[%emt 0:00:06]} Ng5 {[%emt 0:00:02]} 30. Rab1 {[%emt 0:00:10]} axb4 {[%emt 0:00:22]} 31. Rxb4 {[%emt 0:00:01]} Bxc5 {[%emt 0:00:16]} 32. Rxb7 {[%emt 0:00:03]} Bd4 {[%emt 0:00:07]} 33. Rc1 {[%emt 0:00:08]} Bxe5 {[%emt 0:00:13]} 34. Bxe5 {[%emt 0:00:20]} Rxe5 {[%emt 0:00:01]} 35. Rc7 {[%emt 0:00:04]} d4 {[%emt 0:00:18]} 36. Nd1 {[%emt 0:00:05]} Rxa4 {[%emt 0:00:09]} 37. R7xc6 {[%emt 0:00:02]} Re2+ {[%emt 0:00:07]} 38. Kf1 {[%emt 0:00:17]} Raa2 {[%emt 0:00:37]} 39. Rd6 {[%emt 0:00:09]} Rh2 {[%emt 0:00:04]} 0-1

[Event "African Games-chT 2019"]
[Site "Casablanca"]
[Date "2019.08.25"]
[Round "8.29"]
[White "Marie, Patrick"]
[Black "Gohil, Mehul"]
[Result "0-1"]
[WhiteElo "1921"]
[BlackElo "2076"]
[Annotator "NA"]
[PlyCount "74"]
[EventDate "2019.08.24"]
[EventType "team-tourn"]
[EventCountry "MAR"]
[SourceTitle "playchess.com"]
[Source "ChessBase"]
[SourceQuality "1"]
[WhiteTeam "Mauritius"]
[BlackTeam "Kenya"]
[WhiteTeamCountry "MRI"]
[BlackTeamCountry "KEN"]
[TimeControl "900+10"]

1. e4 {[%emt 0:00:00]} e6 {[%emt 0:00:00]} 2. b3 {[%emt 0:00:00]} d5 {[%emt 0:00:09]} 3. Bb2 {[%emt 0:00:00]} Nf6 {[%emt 0:00:13]} 4. Qe2 {[%emt 0:00:15]} Nxe4 {[%emt 0:00:42]} 5. Nc3 {[%emt 0:00:59]} Nxc3 {[%emt 0:00:22]} 6. Bxc3 {[%emt 0:00:04]} d4 {[%emt 0:00:44]} 7. Bb2 {[%emt 0:00:01]} c5 {[%emt 0:00:14]} 8. Nf3 {[%emt 0:00:04]} Nc6 {[%emt 0:00:06]} 9. a3 {[%emt 0:02:11]} Bd6 {[%emt 0:00:12]} 10. g3 {[%emt 0:00:06]} O-O {[%emt 0:00:20]} 11. Bg2 {[%emt 0:00:22]} e5 {[%emt 0:00:20]} 12. d3 {[%emt 0:00:04]} f5 {[%emt 0:01:29]} 13. Nd2 {[%emt 0:00:31]} Bd7 {[%emt 0:00:42]} 14. O-O {[%emt 0:01:24]} Qf6 {[%emt 0:00:22]} 15. Rae1 {[%emt 0:03:29]} Rae8 {[%emt 0:00:12]} 16. Bc1 {[%emt 0:00:10]} h6 {[%emt 0:00:51]} 17. Qf3 {[%emt 0:01:48]} b5 {[%emt 0:02:07]} 18. Qd1 {[%emt 0:02:45]} Kh8 {[%emt 0:00:18]} 19. Nb1 {[%emt 0:00:01]} Re7 {[%emt 0:00:48]} 20. f4 {[%emt 0:01:29]} Rfe8 {[%emt 0:00:19]} 21. Qf3 {[%emt 0:00:26]} e4 {[%emt 0:00:49]} 22. dxe4 {[%emt 0:00:25]} fxe4 {[%emt 0:00:07]} 23. Rxe4 {[%emt 0:00:14]} Rxe4 {[%emt 0:00:07]} 24. Qd3 {[%emt 0:00:12]} Re1 {[%emt 0:01:06]} 25. Qxb5 {[%emt 0:00:44]} Rxf1+ {[%emt 0:00:13]} 26. Qxf1 {[%emt 0:00:03]} Nb8 {[%emt 0:00:57]} 27. Nd2 {[%emt 0:00:11]} Bc6 {[%emt 0:00:08]} 28. Nc4 {[%emt 0:00:20]} Bxg2 {[%emt 0:00:11]} 29. Kxg2 {[%emt 0:00:08]} Bc7 {[%emt 0:00:08]} 30. Qf3 {[%emt 0:00:22]} Qc6 {[%emt 0:00:10]} 31. Bd2 {[%emt 0:00:16]} Qxf3+ {[%emt 0:00:04]} 32. Kxf3 {[%emt 0:00:03]} Nd7 {[%emt 0:00:09]} 33. Nb2 {[%emt 0:00:28]} Nb6 {[%emt 0:00:07]} 34. Nd3 {[%emt 0:00:03]} Bd6 {[%emt 0:00:05]} 35. Nf2 {[%emt 0:00:10]} c4 {[%emt 0:00:08]} 36. b4 {[%emt 0:00:10]} c3 {[%emt 0:00:08]} 37. Ne4 {[%emt 0:01:00]} Rxe4 {[%emt 0:00:14]} 0-1

[Event "African Games-chT 2019"]
[Site "Casablanca"]
[Date "2019.08.25"]
[Round "8.30"]
[White "Sang, Ricky"]
[Black "Naipal, Hoolan"]
[Result "1/2-1/2"]
[WhiteElo "1971"]
[BlackElo "1785"]
[Annotator "NA"]
[PlyCount "91"]
[EventDate "2019.08.24"]
[EventType "team-tourn"]
[EventCountry "MAR"]
[SourceTitle "playchess.com"]
[Source "ChessBase"]
[SourceQuality "1"]
[WhiteTeam "Kenya"]
[BlackTeam "Mauritius"]
[WhiteTeamCountry "KEN"]
[BlackTeamCountry "MRI"]
[TimeControl "900+10"]

1. d4 {[%emt 0:00:00]} Nf6 {[%emt 0:00:00]} 2. Bf4 {[%emt 0:00:00]} g6 {[%emt 0:00:00]} 3. Nc3 {[%emt 0:00:00]} Bg7 {[%emt 0:00:06]} 4. e4 {[%emt 0:00:03]} d6 {[%emt 0:00:02]} 5. h3 {[%emt 0:00:12]} O-O {[%emt 0:00:03]} 6. Nf3 {[%emt 0:00:03]} Re8 {[%emt 0:00:22]} 7. Bc4 {[%emt 0:00:29]} Nfd7 {[%emt 0:01:36]} 8. Ng5 {[%emt 0:01:54]} Rf8 {[%emt 0:00:02]} 9. O-O {[%emt 0:00:07]} e5 {[%emt 0:00:16]} 10. dxe5 {[%emt 0:00:17]} dxe5 {[%emt 0:00:02]} 11. Be3 {[%emt 0:00:13]} h6 {[%emt 0:00:43]} 12. Nf3 {[%emt 0:00:07]} Nb6 {[%emt 0:00:21]} 13. Bb3 {[%emt 0:00:47]} c6 {[%emt 0:01:39]} 14. Qe2 {[%emt 0:00:21]} Qe7 {[%emt 0:00:32]} 15. a4 {[%emt 0:00:22]} Be6 {[%emt 0:00:30]} 16. a5 {[%emt 0:00:49]} N6d7 {[%emt 0:00:27]} 17. Bc4 {[%emt 0:00:44]} Bxc4 {[%emt 0:00:34]} 18. Qxc4 {[%emt 0:00:05]} Na6 {[%emt 0:00:18]} 19. Rfd1 {[%emt 0:00:31]} Rfd8 {[%emt 0:00:04]} 20. Rd2 {[%emt 0:02:29]} Ndc5 {[%emt 0:03:11]} 21. Rad1 {[%emt 0:00:38]} Rxd2 {[%emt 0:00:13]} 22. Rxd2 {[%emt 0:00:04]} Ne6 {[%emt 0:00:16]} 23. Ne2 {[%emt 0:02:27]} Nac7 {[%emt 0:03:15]} 24. c3 {[%emt 0:00:59]} Kh7 {[%emt 0:01:57]} 25. Ng3 {[%emt 0:00:19]} h5 {[%emt 0:01:03]} 26. h4 {[%emt 0:00:32]} Ne8 {[%emt 0:01:03]} 27. Qb3 {[%emt 0:00:55]} Nf6 {[%emt 0:00:15]} 28. Ng5+ {[%emt 0:01:43]} Nxg5 {[%emt 0:00:19]} 29. Bxg5 {[%emt 0:00:03]} Bh6 {[%emt 0:00:23]} 30. Bxh6 {[%emt 0:00:29]} Kxh6 {[%emt 0:00:02]} 31. Qd1 {[%emt 0:00:07]} Kg7 {[%emt 0:00:17]} 32. Rd6 {[%emt 0:01:01]} Rc8 {[%emt 0:00:15]} 33. b4 {[%emt 0:00:05]} Rc7 {[%emt 0:00:01]} 34. Qd2 {[%emt 0:00:05]} Ne8 {[%emt 0:00:18]} 35. Rd8 {[%emt 0:00:14]} a6 {[%emt 0:00:10]} 36. Nf1 {[%emt 0:00:07]} c5 {[%emt 0:00:08]} 37. g3 {[%emt 0:00:10]} cxb4 {[%emt 0:00:01]} 38. cxb4 {[%emt 0:00:03]} Nf6 39. f3 {[%emt 0:00:23]} Rd7 {[%emt 0:00:32]} 40. Rxd7 {[%emt 0:00:07]} Qxd7 {[%emt 0:00:01]} 41. Qxd7 {[%emt 0:00:24]} Nxd7 {[%emt 0:00:02]} 42. Ne3 {[%emt 0:00:08]} b6 {[%emt 0:00:01]} 43. Nc4 {[%emt 0:00:15]} bxa5 {[%emt 0:00:02]} 44. bxa5 {[%emt 0:00:02]} f6 {[%emt 0:00:14]} 45. Kf2 {[%emt 0:00:02]} Nc5 {[%emt 0:00:20]} 46. Ke1 1/2-1/2

[Event "African Games-chT 2019"]
[Site "Casablanca"]
[Date "2019.08.25"]
[Round "8.31"]
[White "Essoo, Uvika"]
[Black "Ndirangu, Joyce Nyaruai"]
[Result "1-0"]
[WhiteElo "1187"]
[BlackElo "1662"]
[Annotator "NA"]
[PlyCount "109"]
[EventDate "2019.08.24"]
[EventType "team-tourn"]
[EventCountry "MAR"]
[SourceTitle "playchess.com"]
[Source "ChessBase"]
[SourceQuality "1"]
[WhiteTeam "Mauritius"]
[BlackTeam "Kenya"]
[WhiteTeamCountry "MRI"]
[BlackTeamCountry "KEN"]
[TimeControl "900+10"]

1. d4 {[%emt 0:00:00]} d5 {[%emt 0:00:00]} 2. Bf4 {[%emt 0:00:00]} Nf6 {[%emt 0:00:00]} 3. Nf3 {[%emt 0:00:00]} Bf5 {[%emt 0:00:02]} 4. e3 {[%emt 0:00:12]} c5 {[%emt 0:00:02]} 5. c3 {[%emt 0:00:28]} Nbd7 {[%emt 0:00:06]} 6. Bd3 {[%emt 0:00:07]} Ne4 {[%emt 0:00:15]} 7. O-O {[%emt 0:00:27]} Ndf6 {[%emt 0:00:10]} 8. Nbd2 {[%emt 0:00:23]} e6 {[%emt 0:00:03]} 9. Ne5 {[%emt 0:01:10]} Nxd2 {[%emt 0:00:10]} 10. Qxd2 {[%emt 0:00:08]} Bd6 {[%emt 0:00:17]} 11. Rfe1 {[%emt 0:00:08]} Ne4 {[%emt 0:00:11]} 12. Qc2 {[%emt 0:01:01]} Bxe5 {[%emt 0:01:14]} 13. Bxe5 {[%emt 0:00:18]} f6 {[%emt 0:01:24]} 14. Bf4 {[%emt 0:00:33]} g5 {[%emt 0:00:05]} 15. Bg3 {[%emt 0:02:16]} Nxg3 {[%emt 0:00:05]} 16. fxg3 {[%emt 0:00:15]} Bxd3 {[%emt 0:00:05]} 17. Qxd3 {[%emt 0:00:05]} Qd6 {[%emt 0:00:43]} 18. Rf1 {[%emt 0:00:24]} O-O {[%emt 0:00:23]} 19. Rf2 {[%emt 0:00:39]} Rf7 {[%emt 0:00:04]} 20. Raf1 {[%emt 0:00:20]} Raf8 {[%emt 0:00:09]} 21. e4 {[%emt 0:00:46]} dxe4 {[%emt 0:01:14]} 22. Qxe4 {[%emt 0:00:28]} f5 {[%emt 0:00:37]} 23. Qe5 {[%emt 0:00:23]} Qxe5 {[%emt 0:01:50]} 24. dxe5 {[%emt 0:00:10]} Kg7 {[%emt 0:01:07]} 25. Rd1 {[%emt 0:00:06]} Kg6 {[%emt 0:00:09]} 26. Rd6 {[%emt 0:00:49]} Re7 {[%emt 0:00:06]} 27. h4 {[%emt 0:00:23]} g4 {[%emt 0:00:18]} 28. Rfd2 {[%emt 0:00:32]} h5 {[%emt 0:00:54]} 29. Rd7 {[%emt 0:00:13]} Rxd7 {[%emt 0:00:03]} 30. Rxd7 {[%emt 0:00:04]} Rf7 {[%emt 0:00:03]} 31. Rd6 {[%emt 0:00:30]} Re7 {[%emt 0:00:02]} 32. b4 {[%emt 0:00:15]} Kf7 {[%emt 0:00:06]} 33. Kf2 {[%emt 0:00:31]} Rc7 {[%emt 0:00:19]} 34. c4 {[%emt 0:00:39]} Ke7 {[%emt 0:00:21]} 35. Ke3 {[%emt 0:00:20]} Rd7 {[%emt 0:00:00]} 36. Rxd7+ Kxd7 37. b5 {[%emt 0:01:02]} Kc7 {[%emt 0:03:59]} 38. a4 {[%emt 0:00:12]} Kb8 {[%emt 0:00:15]} 39. a5 {[%emt 0:00:07]} Kc7 {[%emt 0:00:13]} 40. Kf4 {[%emt 0:00:22]} Kd7 {[%emt 0:00:04]} 41. Kg5 {[%emt 0:00:05]} Ke7 {[%emt 0:00:01]} 42. Kxh5 {[%emt 0:00:05]} Ke8 {[%emt 0:00:10]} 43. Kg6 {[%emt 0:00:06]} Ke7 {[%emt 0:00:02]} 44. Kg7 {[%emt 0:00:02]} a6 {[%emt 0:00:06]} 45. h5 {[%emt 0:00:06]} axb5 {[%emt 0:00:02]} 46. h6 {[%emt 0:00:02]} bxc4 {[%emt 0:00:02]} 47. h7 {[%emt 0:00:12]} Kd7 {[%emt 0:00:03]} 48. h8=Q {[%emt 0:00:26]} Kc6 {[%emt 0:00:14]} 49. Kf7 {[%emt 0:00:13]} Kb5 {[%emt 0:00:14]} 50. Qc8 {[%emt 0:00:18]} Kxa5 {[%emt 0:00:01]} 51. Qxb7 {[%emt 0:00:31] Kb4 Qb6+ Kc3 Qxc5 Kd3 Qd6+ Ke4 Qxe6} c3 {[%emt 0:00:00]} 52. Qc6 {[%emt 0:00:03] Kd3 e6} c2 {[%emt 0:00:00] e7 Kd2 e8=Q c1=Q Qxc1+ Kxc1 Qe1+ Kc2} 53. Kxe6 {[%emt 0:00:28] Kd3 Ke5} f4 {[%emt 0:00:00]} 54. gxf4 {[%emt 0:00:05]} g3 {[%emt 0:00:03] Qxg3+ Ke2 Ke4 Kf1 Qe3 Kxg2 Qa3 Kf2} 55. f5 {[%emt 0:00:27] Kf3+} 1-0

[Event "African Games-chT 2019"]
[Site "Casablanca"]
[Date "2019.08.25"]
[Round "8.32"]
[White "Mongeli, Sasha"]
[Black "Beekhy, Aamirah"]
[Result "1-0"]
[WhiteElo "1527"]
[BlackElo "1373"]
[Annotator "NA"]
[PlyCount "54"]
[EventDate "2019.08.24"]
[EventType "team-tourn"]
[EventCountry "MAR"]
[SourceTitle "playchess.com"]
[Source "ChessBase"]
[SourceQuality "1"]
[WhiteTeam "Kenya"]
[BlackTeam "Mauritius"]
[WhiteTeamCountry "KEN"]
[BlackTeamCountry "MRI"]
[TimeControl "900+10"]

1. e4 {[%emt 0:00:00]} d6 {[%emt 0:00:00]} 2. d4 {[%emt 0:00:00]} Nf6 {[%emt 0:00:00]} 3. Nc3 {[%emt 0:00:02]} g6 {[%emt 0:00:00]} 4. Nf3 {[%emt 0:00:06]} Bg7 {[%emt 0:00:01]} 5. Bd3 {[%emt 0:00:09]} O-O {[%emt 0:00:02]} 6. h3 {[%emt 0:00:05]} Re8 {[%emt 0:00:21]} 7. O-O {[%emt 0:00:04]} Nbd7 {[%emt 0:00:24]} 8. Re1 {[%emt 0:00:05]} c5 {[%emt 0:00:20]} 9. Be3 {[%emt 0:00:24]} cxd4 {[%emt 0:01:17]} 10. Bxd4 {[%emt 0:00:07]} Nc5 {[%emt 0:00:19]} 11. a3 {[%emt 0:03:23]} Nxd3 {[%emt 0:01:30]} 12. cxd3 {[%emt 0:00:17]} b6 13. b4 {[%emt 0:00:31]} Bb7 {[%emt 0:01:51]} 14. Rc1 {[%emt 0:00:31]} Rc8 {[%emt 0:01:39]} 15. Nh2 {[%emt 0:00:49]} Nh5 {[%emt 0:02:00]} 16. Bxg7 {[%emt 0:00:11]} Kxg7 {[%emt 0:00:16]} 17. Qd2 {[%emt 0:00:41]} Kg8 {[%emt 0:01:39]} 18. Ng4 {[%emt 0:00:58]} e5 {[%emt 0:02:17]} 19. Qe3 {[%emt 0:01:55]} Nf6 {[%emt 0:01:32]} 20. Qf3 {[%emt 0:00:35]} Nxg4 {[%emt 0:00:34]} 21. Qxg4 {[%emt 0:00:03]} Qf6 {[%emt 0:00:38]} 22. Rc2 {[%emt 0:01:02]} a6 {[%emt 0:00:18]} 23. Rec1 {[%emt 0:00:05]} Qe6 {[%emt 0:00:48]} 24. Qxe6 {[%emt 0:00:22]} Rxe6 {[%emt 0:00:04]} 25. Na4 {[%emt 0:00:19]} Rxc2 {[%emt 0:00:31]} 26. Rxc2 d5 {[%emt 0:00:28]} 27. Rc7 {[%emt 0:00:23]} Bc6 1-0

[Event "African Games-chT 2019"]
[Site "Casablanca"]
[Date "2019.08.25"]
[Round "8.33"]
[White "Amba, Oyon Marius Claude"]
[Black "Kourakoumba, Florent"]
[Result "1-0"]
[WhiteElo "1911"]
[BlackElo "1677"]
[Annotator "NA"]
[PlyCount "51"]
[EventDate "2019.08.24"]
[EventType "team-tourn"]
[EventCountry "MAR"]
[SourceTitle "playchess.com"]
[Source "ChessBase"]
[SourceQuality "1"]
[WhiteTeam "CMR"]
[BlackTeam "CAF"]
[TimeControl "900+10"]

1. e4 {[%emt 0:00:00]} e6 {[%emt 0:00:00]} 2. d4 {[%emt 0:00:00]} d6 {[%emt 0:00:00]} 3. Bd3 {[%emt 0:00:00]} Be7 {[%emt 0:00:00]} 4. Ne2 {[%emt 0:00:00]} Nf6 {[%emt 0:00:00]} 5. O-O {[%emt 0:00:05]} O-O {[%emt 0:00:03]} 6. Nd2 {[%emt 0:00:13]} Nfd7 {[%emt 0:00:02]} 7. f4 {[%emt 0:00:13]} f6 {[%emt 0:00:01]} 8. Nf3 {[%emt 0:00:11]} Nc6 {[%emt 0:00:03]} 9. Kh1 {[%emt 0:00:22]} e5 {[%emt 0:00:02]} 10. c3 {[%emt 0:00:04]} a6 {[%emt 0:00:04]} 11. Ng3 {[%emt 0:00:15]} Nb6 {[%emt 0:00:19]} 12. a4 {[%emt 0:00:10]} a5 {[%emt 0:00:05]} 13. Bb5 {[%emt 0:00:32]} Na7 {[%emt 0:00:24]} 14. fxe5 {[%emt 0:00:07]} fxe5 {[%emt 0:00:03]} 15. dxe5 {[%emt 0:00:03]} Bg4 {[%emt 0:00:11]} 16. exd6 {[%emt 0:00:20]} Bxd6 {[%emt 0:00:03]} 17. Bg5 {[%emt 0:01:07]} Bxf3 {[%emt 0:00:05]} 18. Qb3+ {[%emt 0:00:00]} Kh8 {[%emt 0:00:46]} 19. Bxd8 {[%emt 0:00:02]} Bxg2+ {[%emt 0:00:12]} 20. Kxg2 {[%emt 0:00:01]} Raxd8 {[%emt 0:00:03]} 21. Rxf8+ {[%emt 0:00:05]} Rxf8 {[%emt 0:00:01]} 22. Rf1 {[%emt 0:00:02]} Rg8 {[%emt 0:00:09]} 23. Nf5 {[%emt 0:00:06]} Be5 {[%emt 0:00:15]} 24. Ne7 {[%emt 0:00:11]} Rd8 {[%emt 0:00:19]} 25. Qf7 {[%emt 0:00:22]} c6 {[%emt 0:00:12]} 26. Qf8+ {[%emt 0:00:24]} 1-0

[Event "African Games-chT 2019"]
[Site "Casablanca"]
[Date "2019.08.25"]
[Round "8.34"]
[White "Koualet-Bebondi, Vianney Archeveq"]
[Black "Ebosse, Kingue Victor Patric"]
[Result "0-1"]
[WhiteElo "1679"]
[BlackElo "2055"]
[Annotator "NA"]
[PlyCount "68"]
[EventDate "2019.08.24"]
[EventType "team-tourn"]
[EventCountry "MAR"]
[SourceTitle "playchess.com"]
[Source "ChessBase"]
[SourceQuality "1"]
[WhiteTeam "CAF"]
[BlackTeam "CMR"]
[TimeControl "900+10"]

1. e4 {[%emt 0:00:00]} c5 {[%emt 0:00:00]} 2. d3 {[%emt 0:00:00]} d6 {[%emt 0:00:00]} 3. Nf3 {[%emt 0:00:00]} Nf6 {[%emt 0:00:00]} 4. Be2 {[%emt 0:00:00]} e6 {[%emt 0:00:13]} 5. O-O {[%emt 0:00:03]} Be7 {[%emt 0:00:01]} 6. e5 {[%emt 0:00:21]} dxe5 {[%emt 0:00:03]} 7. Nxe5 {[%emt 0:00:02]} O-O {[%emt 0:00:03]} 8. Bf4 {[%emt 0:00:17]} Qd4 {[%emt 0:00:19]} 9. Qc1 {[%emt 0:00:23]} Nd5 {[%emt 0:00:10]} 10. Bg3 {[%emt 0:00:09]} f6 {[%emt 0:00:42]} 11. c3 {[%emt 0:00:08]} Qa4 {[%emt 0:00:03]} 12. Nc4 {[%emt 0:00:19]} e5 {[%emt 0:00:34]} 13. Bf3 {[%emt 0:00:09]} Be6 {[%emt 0:00:11]} 14. b3 {[%emt 0:00:14]} Qd7 {[%emt 0:00:17]} 15. Be4 {[%emt 0:00:41]} Nc6 {[%emt 0:00:24]} 16. f4 {[%emt 0:00:35]} exf4 {[%emt 0:01:45]} 17. Bxf4 {[%emt 0:00:14]} b5 {[%emt 0:00:52]} 18. Ne3 {[%emt 0:00:22]} Nxf4 {[%emt 0:00:18]} 19. Rxf4 {[%emt 0:00:09]} f5 {[%emt 0:00:53]} 20. Bxc6 {[%emt 0:00:18]} Qxc6 {[%emt 0:00:01]} 21. Qe1 {[%emt 0:00:11]} Rae8 {[%emt 0:00:23]} 22. d4 {[%emt 0:03:35]} Bg5 {[%emt 0:00:43]} 23. Rf3 {[%emt 0:00:21]} f4 {[%emt 0:00:06]} 24. h4 {[%emt 0:02:14]} Bd8 {[%emt 0:00:40]} 25. Qf2 {[%emt 0:00:38]} fxe3 {[%emt 0:00:15]} 26. Rxf8+ {[%emt 0:00:06]} Rxf8 {[%emt 0:00:09]} 27. Qxe3 {[%emt 0:00:01]} Bxh4 {[%emt 0:00:08]} 28. Qe5 {[%emt 0:00:39]} cxd4 {[%emt 0:00:23]} 29. cxd4 {[%emt 0:00:13]} Qc1+ {[%emt 0:02:17]} 30. Kh2 {[%emt 0:00:33]} Qh6 {[%emt 0:00:05]} 31. g4 {[%emt 0:04:37]} Rf2+ {[%emt 0:02:01]} 32. Kh3 {[%emt 0:00:50]} Bg3+ {[%emt 0:00:39]} 33. Qh5 {[%emt 0:01:24]} Qxh5+ {[%emt 0:00:08]} 34. Kxg3 {[%emt 0:00:38]} Qh2# 0-1

[Event "African Games-chT 2019"]
[Site "Casablanca"]
[Date "2019.08.25"]
[Round "8.37"]
[White "Asante Debesai Zerabruk"]
[Black "Rita, Jeorciley"]
[Result "0-1"]
[WhiteElo "1712"]
[BlackElo "1920"]
[Annotator "NA"]
[PlyCount "110"]
[EventDate "2019.08.24"]
[EventType "team-tourn"]
[EventCountry "MAR"]
[SourceTitle "playchess.com"]
[Source "ChessBase"]
[SourceQuality "1"]
[WhiteTeam "Eritrea"]
[BlackTeam "STP"]
[WhiteTeamCountry "ERI"]
[TimeControl "900+10"]

1. e4 {[%emt 0:00:00]} e5 {[%emt 0:00:00]} 2. Nf3 {[%emt 0:00:00]} Nf6 {[%emt 0:00:00]} 3. Nc3 {[%emt 0:00:06]} Bb4 {[%emt 0:00:00]} 4. a3 {[%emt 0:00:07]} Ba5 {[%emt 0:00:00]} 5. Bc4 {[%emt 0:00:14]} O-O {[%emt 0:00:16]} 6. d3 {[%emt 0:00:09]} h6 {[%emt 0:00:19]} 7. O-O Nc6 {[%emt 0:00:07]} 8. b4 {[%emt 0:00:21]} Bb6 9. Nd5 {[%emt 0:00:07]} d6 {[%emt 0:00:15]} 10. h3 {[%emt 0:00:04]} Be6 {[%emt 0:00:20]} 11. c3 {[%emt 0:00:09]} Bxd5 {[%emt 0:00:19]} 12. Bxd5 {[%emt 0:00:06]} Nxd5 {[%emt 0:00:07]} 13. exd5 {[%emt 0:00:02]} Ne7 {[%emt 0:00:01]} 14. c4 {[%emt 0:00:26]} a5 {[%emt 0:00:01]} 15. Be3 {[%emt 0:00:05]} Bxe3 {[%emt 0:01:14]} 16. fxe3 Nf5 17. Qe1 {[%emt 0:00:41]} axb4 {[%emt 0:00:05]} 18. e4 {[%emt 0:00:01]} Ne7 {[%emt 0:00:16]} 19. axb4 {[%emt 0:00:04]} f5 {[%emt 0:00:26]} 20. Qh4 {[%emt 0:03:31]} Qd7 {[%emt 0:01:04]} 21. Qe1 {[%emt 0:02:27]} Ng6 {[%emt 0:00:11]} 22. Rxa8 Rxa8 23. exf5 {[%emt 0:00:53]} Qxf5 {[%emt 0:00:22]} 24. Nh4 {[%emt 0:00:04]} Qxd3 {[%emt 0:00:06]} 25. Nxg6 {[%emt 0:01:42]} Qxg6 {[%emt 0:00:02]} 26. Qf2 {[%emt 0:00:28]} e4 {[%emt 0:02:11]} 27. Qf4 {[%emt 0:01:52]} b6 {[%emt 0:00:21]} 28. Kh1 {[%emt 0:00:46]} Re8 {[%emt 0:00:58]} 29. c5 {[%emt 0:00:45]} bxc5 {[%emt 0:00:15]} 30. bxc5 {[%emt 0:00:02]} e3 {[%emt 0:00:03]} 31. cxd6 {[%emt 0:00:14]} cxd6 {[%emt 0:00:03]} 32. Re1 {[%emt 0:00:03]} e2 {[%emt 0:00:29]} 33. Kg1 {[%emt 0:01:20]} Re5 {[%emt 0:02:34]} 34. Qf3 {[%emt 0:01:23]} Qe4 {[%emt 0:00:29]} 35. Qxe4 {[%emt 0:00:44]} Rxe4 {[%emt 0:00:01]} 36. Kf2 {[%emt 0:00:00]} Kf7 {[%emt 0:00:02]} 37. Rxe2 {[%emt 0:00:12]} Rxe2+ {[%emt 0:00:02]} 38. Kxe2 {[%emt 0:00:01]} Kf6 {[%emt 0:00:00]} 39. Kd3 {[%emt 0:00:09]} Ke5 {[%emt 0:00:02]} 40. Kc4 {[%emt 0:00:01]} Ke4 {[%emt 0:00:10]} 41. h4 {[%emt 0:00:05]} h5 {[%emt 0:00:05]} 42. Kc3 {[%emt 0:01:14]} Kxd5 {[%emt 0:00:12]} 43. Kd3 {[%emt 0:00:01]} Ke5 {[%emt 0:00:01]} 44. Ke3 {[%emt 0:00:01]} d5 {[%emt 0:00:23]} 45. Kf3 {[%emt 0:00:03]} d4 {[%emt 0:00:13]} 46. g3 {[%emt 0:00:05]} g6 {[%emt 0:00:02]} 47. g4 {[%emt 0:01:08]} hxg4+ {[%emt 0:00:25]} 48. Kxg4 {[%emt 0:00:07]} Ke4 {[%emt 0:00:01]} 49. Kg5 {[%emt 0:00:02]} d3 {[%emt 0:00:01]} 50. Kxg6 {[%emt 0:00:03]} d2 {[%emt 0:00:01]} 51. h5 {[%emt 0:00:00]} d1=Q {[%emt 0:00:04]} 52. h6 {[%emt 0:00:02]} Qg4+ {[%emt 0:00:22]} 53. Kf7 {[%emt 0:00:01]} Qh5+ {[%emt 0:00:07]} 54. Kg7 {[%emt 0:00:00]} Qg5+ {[%emt 0:00:01]} 55. Kh7 {[%emt 0:00:07]} Ke5 0-1